<?xml version="1.0" encoding="UTF-8"?>
<marc:record xmlns:marc="http://www.loc.gov/MARC21/slim">
   <marc:leader>00000nam a2200000 a 4500</marc:leader>
   <marc:datafield ind1="1" ind2=" " tag="100">
      <marc:subfield code="a">Philipsen, Christian</marc:subfield>
      <marc:subfield code="4">edt</marc:subfield>
      <marc:subfield code="e">Bearbeiter/-in</marc:subfield>
   </marc:datafield>
   <marc:datafield ind1="1" ind2=" " tag="100">
      <marc:subfield code="a">Lustig, Monika</marc:subfield>
      <marc:subfield code="4">edt</marc:subfield>
      <marc:subfield code="e">Bearbeiter/-in</marc:subfield>
   </marc:datafield>
   <marc:datafield ind1=" " ind2=" " tag="653">
      <marc:subfield code="a">Geschichte</marc:subfield>
   </marc:datafield>
   <marc:datafield ind1=" " ind2=" " tag="653">
      <marc:subfield code="a">Zink</marc:subfield>
   </marc:datafield>
   <marc:datafield ind1=" " ind2=" " tag="653">
      <marc:subfield code="a">Musikwissenschaft; Musikgeschichte; Instrumentenkunde; Zink; Zinken; Serpent</marc:subfield>
   </marc:datafield>
   <marc:datafield ind1=" " ind2=" " tag="653">
      <marc:subfield code="a">Softcover / Musik/Instrumentenkunde</marc:subfield>
   </marc:datafield>
   <marc:datafield ind1=" " ind2=" " tag="653">
      <marc:subfield code="a">Konferenzschrift</marc:subfield>
   </marc:datafield>
   <marc:datafield ind1="0" ind2="0" tag="245">
      <marc:subfield code="a">Der Zink</marc:subfield>
   </marc:datafield>
   <marc:datafield ind1="0" ind2="0" tag="245">
      <marc:subfield code="b">Geschichte, Instrumente und Bauweise</marc:subfield>
   </marc:datafield>
   <marc:datafield ind1="0" ind2="0" tag="245">
      <marc:subfield code="c">30. Musikinstrumentenbau-Symposium Michaelstein, 23. bis 25. Oktober 2009. Hrsg. von Christian Philipsen in Verbindung mit Monika Lustig</marc:subfield>
   </marc:datafield>
   <marc:datafield ind1=" " ind2="1" tag="264">
      <marc:subfield code="a">Augsburg</marc:subfield>
      <marc:subfield code="b">Wißner</marc:subfield>
      <marc:subfield code="c">2015</marc:subfield>
   </marc:datafield>
   <marc:datafield ind1="1" ind2=" " tag="490">
      <marc:subfield code="a">Michaelsteiner Konferenzberichte</marc:subfield>
      <marc:subfield code="v">Bd. 79</marc:subfield>
   </marc:datafield>
   <marc:datafield ind1="1" ind2=" " tag="520">
      <marc:subfield code="a">Angaben aus der Verlagsmeldung

Der Zink – Geschichte, Instrumente und Bauweise : 30. Musikinstrumentenbau-Symposium Michaelstein, 23. bis 25. Oktober 2009

Die 16 Beiträge des Berichtes über das gleichnamige Symposium widmen sich einer Instrumentenart, welche sowohl in der Wissenschaft als auch in der Alte-Musik-Praxis lange Zeit eher eine Randerscheinung darstellte. Neben Betrachtungen zur Entwicklung des Zinken von 1500 bis 1700, zu seiner Verwendung bei Samuel Scheidt, zum Zinkenbau und -spiel in Süddeutschland oder zur Bauform des geraden Zinken bildet die Spätphase seiner Geschichte einen Schwerpunkt dieser Publikation.

Ein weiterer größerer Komplex wendet sich dem Serpent zu, der schon von Marin Mersenne als „wahrer Bass zu den Cornetti“ angesehen wird. Die Beiträge beschäftigen sich mit den charakteristischen Merkmalen des Kirchenserpents sowie mit seinem Gebrauch in Kirchenchören Frankreichs, mit der Verwendung des Serpents in der Musik von Joseph Haydn sowie mit seinem Einsatz und seiner Bewertung bis zum 19. Jahrhundert. Analysen der akustischen Probleme des Zinken, Untersuchungen erhaltener Instrumente mit Hilfe neuester Methoden oder der Gebrauch der Instrumente im heutigen Musikleben vervollständigen das breitgefächerte Themenspektrum.
</marc:subfield>
   </marc:datafield>
   <marc:datafield ind1=" " ind2=" " tag="020">
      <marc:subfield code="a">9783957860132</marc:subfield>
      <marc:subfield code="9">9783957860132</marc:subfield>
   </marc:datafield>
   <marc:datafield ind1=" " ind2=" " tag="041">
      <marc:subfield code="a">ger</marc:subfield>
   </marc:datafield>
   <marc:datafield ind1=" " ind2=" " tag="300">
      <marc:subfield code="a">318 S.</marc:subfield>
   </marc:datafield>
</marc:record>
